000 00282nam a2200121Ia 4500
008 190216s9999||||xx |||||||||||||| ||und||
100 _aJohn Hicks
245 0 _aComprehensieve Chemistry
260 _bMacmillan
_c1973
300 _a925p
650 _aChemistry-Chemistry
942 _cBK
999 _c2327
_d2327